[Event "OGD Prinsenstad-toernooi - B groep"]
[Site "Delft"]
[Date "2008.01.05"]
[Round "2.18"]
[White "Beeren, Thom"]
[Black "Duivestein, Jack"]
[Result "1/2-1/2"]
[WhiteElo "1675"]
[BlackElo "1776"]
[PlyCount "61"]
[EventDate "2008.01.04"]
[EventType "swiss"]
[EventRounds "6"]
[EventCountry "NED"]
[Source "DSC"]
[SourceDate "2008.04.25"]

1. e4 e6 2. d4 d5 3. exd5 exd5 4. c4 c6 5. Nc3 Nf6 6. Nf3 Be7 7. Be2 O-O 8. O-O
Be6 9. c5 b6 10. Na4 b5 11. Nc3 Nbd7 12. Bf4 Ne4 13. Qc2 Nxc3 14. Qxc3 a5 15.
a4 b4 16. Qd2 Bg4 17. Rfe1 Bxf3 18. Bxf3 Re8 19. Re3 Bf6 20. Rae1 Rxe3 21. Qxe3
Nf8 22. Bg4 Ng6 23. Bd6 Nf8 24. Be7 Bxe7 25. Qxe7 Ng6 26. Qb7 Rb8 27. Qxc6 Qg5
28. Re8+ Rxe8 29. Qxe8+ Nf8 30. h3 Qc1+ 31. Kh2 1/2-1/2

[Event "OGD Prinsenstad-toernooi - B groep"]
[Site "Delft"]
[Date "2008.01.05"]
[Round "2.19"]
[White "Van der Weijde, André"]
[Black "Anink, Marco"]
[Result "0-1"]
[WhiteElo "1615"]
[BlackElo "1893"]
[Annotator "Prinsenstad-toernooi"]
[PlyCount "86"]
[EventDate "2008.01.04"]
[EventType "swiss"]
[EventRounds "6"]
[EventCountry "NED"]
[Source "DSC"]
[SourceDate "2008.04.25"]

1. f4 g6 2. Nf3 Bg7 3. e3 Nf6 4. Be2 O-O 5. d3 d6 6. O-O Re8 7. Nc3 e5 8. fxe5
dxe5 9. e4 c6 10. Kh1 Qc7 11. Qe1 Nbd7 12. Nd1 Nf8 13. Bg5 Ne6 14. Qd2 Nxg5 15.
Qxg5 h6 16. Qg3 Nh5 17. Qf2 Be6 18. Ng1 Nf4 19. Bf3 Rf8 20. g3 Nh3 21. Nxh3
Bxh3 22. Bg2 Be6 23. Ne3 b6 24. a3 Qd7 25. Rab1 Rad8 26. Qe2 Kh7 27. Rf2 f6 28.
Rbf1 Rf7 29. b3 Rdf8 30. a4 h5 31. Bf3 Bh6 32. Re1 Qd4 33. Ng2 Bg5 34. Ref1 Kg7
35. Re1 b5 36. axb5 cxb5 37. Qd1 $4 Qxf2 38. Rf1 Qd4 39. Nh4 Bxh4 40. gxh4 Kh6
41. Qd2+ g5 42. Rg1 Rg7 43. hxg5+ fxg5 0-1

[Event "OGD Prinsenstad-toernooi - B groep"]
[Site "Delft"]
[Date "2008.01.05"]
[Round "3.1"]
[White "Holwijn, Melvin"]
[Black "Goes, Sten"]
[Result "1-0"]
[WhiteElo "1976"]
[BlackElo "1848"]
[Annotator "Prinsenstad-toernooi"]
[PlyCount "59"]
[EventDate "2008.01.04"]
[EventType "swiss"]
[EventRounds "6"]
[EventCountry "NED"]
[Source "DSC"]
[SourceDate "2008.04.25"]

1. d4 Nf6 2. c4 g6 3. Nc3 d5 4. Bf4 Bg7 5. e3 c5 6. dxc5 Qa5 7. Qa4+ Qxa4 8.
Nxa4 Ne4 9. cxd5 Bd7 10. f3 Bxa4 11. fxe4 Bxb2 12. Rb1 Bc3+ 13. Kf2 Nd7 14. Kf3
Nxc5 15. Bb5+ Bxb5 16. Rxb5 b6 17. Ne2 Bg7 18. Nd4 e5 19. dxe6 fxe6 20. Bd6 Nb7
21. Bb4 Bxd4 22. exd4 Rc8 23. Re5 Kd7 24. d5 {Diagram #} exd5 $2 25. Re7+ Kc6
26. exd5+ Kb5 (26... Kxd5 $4 27. Rxb7) 27. Rxb7 Kxb4 28. d6 Rc3+ $6 29. Ke4 Rd8
$2 (29... Re8+ 30. Re7 Ra8 $18) 30. Rb1+ (30. Rb1+ Kc5 (30... Kc4 $4 31. Rc7#)
31. Rc7+ Kxd6 32. Rxc3 $18 {Wit is een stuk achter.}) 1-0

[Event "OGD Prinsenstad-toernooi - B groep"]
[Site "Delft"]
[Date "2008.01.05"]
[Round "3.2"]
[White "Bons, Maurits"]
[Black "Al, Alexander"]
[Result "0-1"]
[WhiteElo "1834"]
[BlackElo "1960"]
[PlyCount "60"]
[EventDate "2008.01.04"]
[EventType "swiss"]
[EventRounds "6"]
[EventCountry "NED"]
[Source "DSC"]
[SourceDate "2008.04.25"]

1. e4 e6 2. d4 d5 3. e5 c5 4. c3 Nc6 5. Nf3 Qb6 6. Bd3 cxd4 7. cxd4 Bd7 8. O-O
Nxd4 9. Ng5 Ne7 10. Be3 Nec6 11. Nc3 Be7 12. f4 Qxb2 13. Nxd5 exd5 14. Rb1 Qa3
15. Rxb7 Bf5 16. Bxd4 Qxd3 17. Rxe7+ Nxe7 18. Qa4+ Bd7 19. Qb4 Nc6 20. Qd6
Qxd4+ 21. Kh1 Qb4 22. Nxf7 Qxd6 23. Nxd6+ Ke7 24. h3 Rhf8 25. g4 Nxe5 26. Nf5+
Bxf5 27. gxf5 Rxf5 28. Re1 Ke6 29. fxe5 Raf8 30. Re2 Rf2 0-1

[Event "OGD Prinsenstad-toernooi - B groep"]
[Site "Delft"]
[Date "2008.01.05"]
[Round "3.3"]
[White "Burggraaf, Jan-Theodoor"]
[Black "De Vries, Ronald"]
[Result "0-1"]
[WhiteElo "1940"]
[BlackElo "1815"]
[PlyCount "84"]
[EventDate "2008.01.04"]
[EventType "swiss"]
[EventRounds "6"]
[EventCountry "NED"]
[Source "DSC"]
[SourceDate "2008.04.25"]

1. Nf3 d5 2. g3 Nc6 3. Bg2 e5 4. d3 Nf6 5. O-O Be6 6. Nbd2 Qd7 7. Ng5 Bg4 8. c4
h6 9. cxd5 Nxd5 10. Qb3 hxg5 11. Qxd5 Bd6 12. Ne4 f6 13. Nxd6+ cxd6 14. Be3 Bh3
15. Rfc1 Bxg2 16. Qxg2 Ke7 17. Rc3 Qh3 18. Qxh3 Rxh3 19. Kg2 Rhh8 20. Rac1 Kd7
21. b4 a6 22. a4 Rhc8 23. b5 axb5 24. axb5 Ne7 25. Rxc8 Rxc8 26. Rxc8 Kxc8 27.
Ba7 Kc7 28. b6+ Kc6 29. e4 Nc8 30. h4 gxh4 31. gxh4 g6 32. h5 gxh5 33. Kg3 Nxb6
34. Kh4 Nd7 35. Be3 b5 36. d4 b4 37. d5+ Kb5 38. Kxh5 b3 39. Bc1 Nc5 40. Ba3
Nxe4 41. f4 Kc4 42. fxe5 fxe5 0-1

[Event "OGD Prinsenstad-toernooi - B groep"]
[Site "Delft"]
[Date "2008.01.05"]
[Round "3.5"]
[White "Admiraal, Miguoel"]
[Black "Oversloot, Wilco"]
[Result "1-0"]
[WhiteElo "1898"]
[BlackElo "1799"]
[Annotator "Prinsenstad-toernooi"]
[PlyCount "59"]
[EventDate "2008.01.04"]
[EventType "swiss"]
[EventRounds "6"]
[EventCountry "NED"]
[Source "DSC"]
[SourceDate "2008.04.25"]

1. e4 e5 2. Nf3 Nf6 3. Nxe5 d6 4. Nf3 Nxe4 5. d4 d5 6. Bd3 Nc6 7. O-O Bg4 8.
Re1 Be7 9. c3 f5 10. h3 Bh5 11. Nbd2 O-O 12. Qb3 Rb8 13. Ne5 Nxe5 14. dxe5 Bc5
15. Bxe4 fxe4 16. Nxe4 {
Diagram # Zwart gooit de knuppel in het hoenderhok. Het lijkt niet genoeg.}
Bxf2+ $6 17. Nxf2 Rxf2 18. Kxf2 Qh4+ 19. g3 Rf8+ 20. Kg2 Bf3+ 21. Kh2 Qh5 22.
Bf4 g5 (22... Rxf4 $1 23. gxf4 $2 ({Beter is} 23. Qxb7 Rf8 $18) 23... Qh4 24.
Re2 $8 (24. Rf1 $2 Qxf4+ 25. Kg1 Qg3#) 24... Qxf4+ 25. Kg1 $8 Qg3+ 26. Kf1
Qxh3+ 27. Ke1 $8 Qg3+ 28. Kd2 Qg5+ 29. Kd1 Qg1+ 30. Kd2 Qg5+ $11 (30... Qxa1 $4
31. Re1 $18)) 23. Be3 Be4 24. Qd1 Bf3 25. Qd2 h6 26. Rf1 c6 27. Rf2 g4 28. h4
Qxe5 29. Bxh6 Re8 30. Qg5+ 1-0

[Event "OGD Prinsenstad-toernooi - B groep"]
[Site "Delft"]
[Date "2008.01.05"]
[Round "3.6"]
[White "Van Dinteren, Andre"]
[Black "Van der Vegt, Seth"]
[Result "1-0"]
[WhiteElo "1835"]
[BlackElo "1898"]
[PlyCount "57"]
[EventDate "2008.01.04"]
[EventType "swiss"]
[EventRounds "6"]
[EventCountry "NED"]
[Source "DSC"]
[SourceDate "2008.04.25"]

1. e4 c5 2. Nf3 d6 3. c3 Nf6 4. h3 e6 5. Bd3 Nc6 6. O-O d5 7. e5 Nd7 8. Re1 Be7
9. Bc2 b5 10. d4 cxd4 11. cxd4 Nb4 12. Bb3 Nb6 13. Nc3 Bd7 14. a3 Nc6 15. Nxb5
Nxe5 16. Nxe5 Bxb5 17. a4 Bc4 18. Bc2 a5 19. Qh5 g6 20. Qf3 f5 21. Nc6 Qd7 22.
Nxe7 Qxe7 23. b3 Ba6 24. Ba3 Qf6 25. Bc5 Rb8 26. Qf4 Nd7 27. Qd6 e5 28. Rxe5+
Kd8 29. Re6 1-0

[Event "OGD Prinsenstad-toernooi - B groep"]
[Site "Delft"]
[Date "2008.01.05"]
[Round "3.12"]
[White "Anink, Marco"]
[Black "Van der Stap, Harry jr."]
[Result "1-0"]
[WhiteElo "1893"]
[BlackElo "1791"]
[Annotator "Prinsenstad-toernooi"]
[PlyCount "75"]
[EventDate "2008.01.04"]
[EventType "swiss"]
[EventRounds "6"]
[EventCountry "NED"]
[Source "DSC"]
[SourceDate "2008.04.25"]

1. d4 d5 2. c4 c6 3. Nf3 Nf6 4. Qc2 Bg4 5. Ne5 Nbd7 6. Bf4 Nxe5 7. Bxe5 e6 8.
f3 Bf5 9. Qd2 Bd6 (9... Nd7 10. Bf4 Nb6 $15) 10. Bxd6 Qxd6 11. Nc3 O-O 12.
O-O-O a6 13. g4 $1 Bg6 14. h4 h5 15. e4 Qd8 $6 (15... dxe4 16. g5 Nd7 17. Nxe4
$14) 16. e5 Nd7 17. Bd3 (17. gxh5 Bxh5 18. Rg1) 17... f5 18. gxh5 Bxh5 19. Qf4
Kh7 20. Rdg1 g6 21. Rg5 Rg8 22. Rhg1 Qe7 23. cxd5 cxd5 {Diagram #} 24. Nxd5 $3
Rac8+ ({Pakken mag niet:} 24... exd5 $2 25. Rxh5+ {en zwart loopt mat:} gxh5 (
25... Kg7 26. Rxg6+ Kxg6 27. Qxf5+ Kg7 28. Rh7#) 26. Qxf5+ Rg6 27. Qxg6+ Kh8
28. Qxh5+ Qh7 29. Qxh7#) 25. Kb1 Qf7 26. Ne3 Rcf8 27. Nc4 Qe7 28. Nd6 {
Wit heeft het paard fraai omgespeeld.} Nb6 29. Nxf5 $1 {
Wit offert het paard een tweede maal.} exf5 30. Rxh5+ $1 gxh5 31. Bxf5+ Rxf5 $8
(31... Kh8 $2 32. Qh6+ Qh7 33. Qxh7#) 32. Qxf5+ Kh8 33. Rxg8+ Kxg8 34. Qg6+ Qg7
35. Qxb6 {Diagram # Sommigen vinden het wellicht jammer dat deze spectaculaire
aanval niet met mat wordt beslist. Maar dit dame-eindspel biedt zwart geen
enkele kans meer.} Qg1+ 36. Kc2 Qf2+ 37. Kc3 Qxf3+ 38. Kc4 {En opgegeven.} 1-0

[Event "OGD Prinsenstad-toernooi - B groep"]
[Site "Delft"]
[Date "2008.01.05"]
[Round "3.22"]
[White "De Leeuw, Arjen"]
[Black "Van Tol, Henk"]
[Result "1-0"]
[WhiteElo "1713"]
[BlackElo "1622"]
[PlyCount "67"]
[EventDate "2008.01.04"]
[EventType "swiss"]
[EventRounds "6"]
[EventCountry "NED"]
[Source "DSC"]
[SourceDate "2008.04.25"]

1. e4 c5 2. c3 g6 3. d4 d6 4. dxc5 dxc5 5. Qxd8+ Kxd8 6. Nf3 Bg7 7. Ng5 Ke8 8.
Bb5+ Bd7 9. Na3 h6 10. Nf3 a6 11. Bd3 b5 12. Nc2 Nc6 13. Be3 c4 14. Be2 Rc8 15.
O-O Ne5 16. Nxe5 Bxe5 17. f4 Bd6 18. Bd4 f6 19. e5 Bc5 20. Bf3 fxe5 21. fxe5
Bf5 22. Ne3 Bxd4 23. cxd4 c3 24. bxc3 Rxc3 25. Nxf5 gxf5 26. Rfc1 Rxc1+ 27.
Rxc1 Kf7 28. Rc6 e6 29. Bh5+ Kf8 30. Rxe6 Rh7 31. Re8+ Kg7 32. d5 Kh8 33. e6
Rg7 34. d6 1-0

[Event "OGD Prinsenstad-toernooi - B groep"]
[Site "Delft"]
[Date "2008.01.06"]
[Round "4.1"]
[White "Krishnasing, Ashley"]
[Black "Holwijn, Melvin"]
[Result "1-0"]
[WhiteElo "1911"]
[BlackElo "1976"]
[PlyCount "87"]
[EventDate "2008.01.04"]
[EventType "swiss"]
[EventRounds "6"]
[EventCountry "NED"]
[Source "DSC"]
[SourceDate "2008.04.25"]

1. e4 e5 2. Nf3 Nf6 3. Nxe5 d6 4. Nf3 Nxe4 5. d3 Nf6 6. d4 d5 7. Bd3 Be7 8. O-O
Nc6 9. c3 Bg4 10. Re1 O-O 11. h3 Bh5 12. Bf4 Bg6 13. Bxg6 hxg6 14. Nbd2 Nh5 15.
Bh2 Bd6 16. Ne5 Ne7 17. g4 Nf6 18. Bg3 c6 19. Kg2 Nh7 20. Qe2 Nc8 21. c4 Nf6
22. c5 Bc7 23. b4 a5 24. b5 Bxe5 25. Bxe5 Na7 26. b6 Nb5 27. Qd3 a4 28. a3 Nd7
29. Bg3 Qf6 30. Nf3 Rfe8 31. Bh4 Qf4 32. Bg5 Qb8 33. Rxe8+ Qxe8 34. Re1 Qc8 35.
Re7 Nf8 36. Bh4 Ne6 37. Kf1 Nf4 38. Qe3 Nxh3 39. Ne5 f6 40. Bxf6 Qf8 41. Rxg7+
Qxg7 42. Bxg7 Kxg7 43. Qxh3 Nxd4 44. Qd3 1-0

[Event "OGD Prinsenstad-toernooi - B groep"]
[Site "Delft"]
[Date "2008.01.05"]
[Round "4.3"]
[White "Van der Werf, Ton"]
[Black "Wiering, Jelle"]
[Result "1/2-1/2"]
[WhiteElo "1839"]
[BlackElo "1861"]
[PlyCount "27"]
[EventDate "2008.01.04"]
[EventType "swiss"]
[EventRounds "6"]
[EventCountry "NED"]
[Source "DSC"]
[SourceDate "2008.04.25"]

1. e4 e5 2. Nf3 Nc6 3. Bb5 a6 4. Ba4 Nf6 5. O-O b5 6. Bb3 Be7 7. Re1 d6 8. c3
O-O 9. d4 Bg4 10. d5 Na5 11. Bc2 c5 12. b3 c4 13. b4 Nb7 14. a4 1/2-1/2

[Event "OGD Prinsenstad-toernooi - B groep"]
[Site "Delft"]
[Date "2008.01.05"]
[Round "4.4"]
[White "Admiraal, Miguoel"]
[Black "Mekuria, Rufael"]
[Result "1-0"]
[WhiteElo "1898"]
[BlackElo "1853"]
[PlyCount "73"]
[EventDate "2008.01.04"]
[EventType "swiss"]
[EventRounds "6"]
[EventCountry "NED"]
[Source "DSC"]
[SourceDate "2008.04.25"]

1. e4 c5 2. Ne2 d6 3. d4 cxd4 4. Nxd4 Nf6 5. Nc3 g6 6. Be3 Bg7 7. f3 O-O 8. Bc4
Nc6 9. Qd2 Bd7 10. O-O-O Rc8 11. Bb3 Ne5 12. h4 h5 13. Nd5 Nxd5 14. Bxd5 Nc4
15. Bxc4 Rxc4 16. g4 hxg4 17. h5 Ra4 18. hxg6 Rxa2 19. Qh2 fxg6 20. Qh7+ Kf7
21. Rh6 Rg8 22. Nb3 e6 23. Rxd6 Qf6 24. Rxd7+ Ke8 25. Qxg8+ Kxd7 26. Rh2 Qxb2+
27. Kd1 Qf6 28. Rd2+ Kc7 29. f4 Bf8 30. e5 Qh4 31. Qxf8 Qh1+ 32. Ke2 Qf3+ 33.
Kd3 Qd5+ 34. Kc3 Qc6+ 35. Bc5 Qf3+ 36. Rd3 Rxc2+ 37. Kxc2 1-0

[Event "OGD Prinsenstad-toernooi - B groep"]
[Site "Delft"]
[Date "2008.01.05"]
[Round "4.7"]
[White "Tromp, Paul"]
[Black "Pietrow, Andrzej"]
[Result "0-1"]
[WhiteElo "1989"]
[BlackElo "2039"]
[PlyCount "68"]
[EventDate "2008.01.04"]
[EventType "swiss"]
[EventRounds "6"]
[EventCountry "NED"]
[Source "DSC"]
[SourceDate "2008.04.25"]

1. e4 e5 2. f4 exf4 3. Nf3 d6 4. Bc4 Be7 5. d4 Nf6 6. Nc3 O-O 7. Bxf4 Nxe4 8.
Nxe4 d5 9. Bd3 dxe4 10. Bxe4 Bh4+ 11. Kf1 Nc6 12. d5 Re8 13. Bxh7+ Kxh7 14.
dxc6 Qf6 15. g3 Bh3+ 16. Kf2 Qxf4 17. gxh4 Bg4 18. Qd3+ Kg8 19. Rad1 bxc6 20.
h3 Bxf3 21. Qxf3 Qxh4+ 22. Kg2 Re6 23. Rhf1 Qe7 24. Rf2 Re8 25. Rdf1 Rg6+ 26.
Kh1 Rf6 27. Qd3 Rxf2 28. Rxf2 Qe1+ 29. Kg2 Re6 30. Rf1 Re2+ 31. Kg1 Qd2 32. Qf3
Qd4+ 33. Kh1 Qd5 34. Kg1 Rxc2 0-1

[Event "OGD Prinsenstad-toernooi - B groep"]
[Site "Delft"]
[Date "2008.01.05"]
[Round "4.11"]
[White "Klepke, Ricardo"]
[Black "Moerkerken, Remko"]
[Result "0-1"]
[WhiteElo "1760"]
[BlackElo "1830"]
[Annotator "Prinsenstad-toernooi"]
[PlyCount "30"]
[EventDate "2008.01.04"]
[EventType "swiss"]
[EventRounds "6"]
[EventCountry "NED"]
[Source "DSC"]
[SourceDate "2008.04.25"]

1. e4 e5 2. Nf3 Nc6 3. Bb5 f5 4. Nc3 Nf6 5. d3 Bb4 6. O-O Bxc3 7. bxc3 fxe4 8.
Bxc6 dxc6 9. Nxe5 O-O 10. Ba3 Re8 11. d4 Nd5 12. Qd2 Qf6 $6 (12... Qh4) 13. c4
$6 (13. Rae1 $16) 13... Nf4 14. f3 $4 (14. Kh1) 14... Qg5 $1 15. Kh1 $2 (15.
Kf2 exf3 (15... Qxg2+ 16. Ke1 exf3 17. Qxg2 fxg2 18. Rg1 $19) 16. gxf3 Rxe5 $1
17. dxe5 Be6 18. Rad1 Nh3+ 19. Ke1 Qxe5+ 20. Qe2 Qc3+ 21. Rd2 $19) 15... e3 (
15... e3 16. Qd1 (16. Rad1 exd2 $19) 16... Qxg2#) 0-1

[Event "OGD Prinsenstad-toernooi - B groep"]
[Site "Delft"]
[Date "2008.01.06"]
[Round "5.3"]
[White "Holwijn, Melvin"]
[Black "Bons, Maurits"]
[Result "1-0"]
[WhiteElo "1967"]
[BlackElo "1843"]
[PlyCount "67"]
[EventDate "2008.01.04"]
[EventType "swiss"]
[EventRounds "6"]
[EventCountry "NED"]
[Source "DSC"]
[SourceDate "2008.04.25"]

1. d4 Nf6 2. c4 g6 3. Nc3 d6 4. e4 Bg7 5. f4 c5 6. d5 e6 7. Nf3 O-O 8. Be2 exd5
9. cxd5 Re8 10. Nd2 a6 11. a4 b6 12. O-O Nbd7 13. Bf3 Rb8 14. Nc4 Nf8 15. Re1
b5 16. axb5 axb5 17. Na5 b4 18. Nc6 Qc7 19. Nxb8 Qxb8 20. Nb1 N6d7 21. Qa4 Bb7
22. Rd1 Nb6 23. Qb5 Nfd7 24. Nd2 Qc7 25. Ra7 Rb8 26. e5 Bxe5 27. fxe5 Nxe5 28.
b3 Qd8 29. Qf1 Bxd5 30. Bxd5 Nxd5 31. Nc4 Nc3 32. Nxe5 f6 33. Ng4 f5 34. Nh6+
1-0

[Event "OGD Prinsenstad-toernooi - B groep"]
[Site "Delft"]
[Date "2008.01.06"]
[Round "5.4"]
[White "Boes, Robert"]
[Black "Van der Werf, Ton"]
[Result "1-0"]
[WhiteElo "1759"]
[BlackElo "1839"]
[PlyCount "63"]
[EventDate "2008.01.04"]
[EventType "swiss"]
[EventRounds "6"]
[EventCountry "NED"]
[Source "DSC"]
[SourceDate "2008.04.25"]

1. e4 e5 2. Nf3 Nf6 3. Nxe5 d6 4. Nf3 Nxe4 5. d4 d5 6. Bd3 Bg4 7. O-O Bd6 8. c4
c6 9. Nc3 Nxc3 10. bxc3 O-O 11. cxd5 cxd5 12. h3 Be6 13. Ng5 g6 14. Nxe6 fxe6
15. Qb3 Qc7 16. Rb1 Rf7 17. c4 Nc6 18. cxd5 Nxd4 19. Qa4 e5 20. Ba3 Qc3 21.
Bxd6 Qxd3 22. Rbd1 Qe4 23. Qb4 Qxd5 24. f4 Rxf4 25. Rxf4 Ne2+ 26. Kf2 Qxd1 27.
Qxb7 Qxd6 28. Qxa8+ Kg7 29. Qxa7+ Kh8 30. Rc4 Qe6 31. Rb4 Qf5+ 32. Ke1 1-0

[Event "OGD Prinsenstad-toernooi - B groep"]
[Site "Delft"]
[Date "2008.01.06"]
[Round "5.12"]
[White "Manoch, Maurice"]
[Black "Van der Ham, Marc"]
[Result "1-0"]
[WhiteElo "1611"]
[BlackElo "1720"]
[PlyCount "33"]
[EventDate "2008.01.04"]
[EventType "swiss"]
[EventRounds "6"]
[EventCountry "NED"]
[Source "DSC"]
[SourceDate "2008.04.25"]

1. e4 d6 2. d4 Nf6 3. Nc3 g6 4. Bg5 Bg7 5. Nf3 Nbd7 6. Bc4 c5 7. dxc5 Nxc5 8.
e5 Nfe4 9. Nxe4 Nxe4 10. Qd5 Nxg5 11. Nxg5 e6 12. Qxd6 Qxg5 13. Bb5+ Bd7 14.
Bxd7+ Kd8 15. Bxe6+ Ke8 16. Qd7+ Kf8 17. Qxf7# 1-0

[Event "OGD Prinsenstad-toernooi - B groep"]
[Site "Delft"]
[Date "2008.01.06"]
[Round "6.3"]
[White "Goes, Sten"]
[Black "Boes, Robert"]
[Result "1/2-1/2"]
[WhiteElo "1848"]
[BlackElo "1759"]
[PlyCount "70"]
[EventDate "2008.01.04"]
[EventType "swiss"]
[EventRounds "6"]
[EventCountry "NED"]
[Source "DSC"]
[SourceDate "2008.04.25"]

1. e4 c6 2. d4 d5 3. Nc3 dxe4 4. Nxe4 Nd7 5. Bc4 e6 6. Qe2 Ngf6 7. Ng5 Nb6 8.
Bb3 Be7 9. N1f3 Nbd5 10. c4 Bb4+ 11. Bd2 Nf4 12. Qd1 Qa5 13. O-O Bxd2 14. Qxd2
Qxd2 15. Nxd2 Ne2+ 16. Kh1 Nxd4 17. Rad1 c5 18. Ba4+ Bd7 19. Bxd7+ Nxd7 20.
Nde4 f6 21. Nd6+ Ke7 22. Nge4 b6 23. b4 e5 24. bxc5 bxc5 25. Nb7 Rac8 26. Rfe1
Rc6 27. Nexc5 Nxc5 28. Nxc5 Rxc5 29. Rxd4 Rhc8 30. Rg4 Rxc4 31. Rxg7+ Kf8 32.
Rd7 Rc1 33. Red1 Rxd1+ 34. Rxd1 Rc2 35. h3 Rxa2 1/2-1/2

[Event "OGD Prinsenstad-toernooi - B groep"]
[Site "Delft"]
[Date "2008.01.06"]
[Round "6.4"]
[White "Admiraal, Miguoel"]
[Black "Van Dinteren, Andre"]
[Result "0-1"]
[WhiteElo "1898"]
[BlackElo "1835"]
[PlyCount "76"]
[EventDate "2008.01.04"]
[EventType "swiss"]
[EventRounds "6"]
[EventCountry "NED"]
[Source "DSC"]
[SourceDate "2008.04.25"]

1. e4 c5 2. Nc3 e6 3. g3 d5 4. exd5 exd5 5. Bg2 Nf6 6. d3 h6 7. Nge2 d4 8. Ne4
Nxe4 9. dxe4 Be7 10. Nf4 Nc6 11. O-O Bg5 12. Nd5 Bxc1 13. Rxc1 O-O 14. f4 Ne7
15. c4 Be6 16. g4 Bxd5 17. cxd5 Rc8 18. Qf3 f6 19. Qa3 b6 20. b4 c4 21. b5 Qd7
22. Qb4 c3 23. Qxd4 Qxb5 24. Rf2 Qa5 25. Bf1 b5 26. Rfc2 Ng6 27. Qe3 b4 28. Kf2
Qc5 29. Qxc5 Rxc5 30. Ke3 Rd8 31. Bd3 Ne7 32. Kd4 Rc7 33. Rb1 g5 34. Ke3 gxf4+
35. Kxf4 Ng6+ 36. Kf5 Ne5 37. Be2 a5 38. Kxf6 Re8 0-1

[Event "OGD Prinsenstad-toernooi - B groep"]
[Site "Delft"]
[Date "2008.01.06"]
[Round "6.10"]
[White "Van Dongen, Leo"]
[Black "Anink, Marco"]
[Result "0-1"]
[WhiteElo "1744"]
[BlackElo "1893"]
[PlyCount "50"]
[EventDate "2008.01.04"]
[EventType "swiss"]
[EventRounds "6"]
[EventCountry "NED"]
[Source "DSC"]
[SourceDate "2008.04.25"]

1. e4 c6 2. c4 d5 3. cxd5 cxd5 4. exd5 Nf6 5. Nc3 Nxd5 6. Bc4 Nb6 7. Bb3 Nc6 8.
Nf3 e6 9. d4 Be7 10. O-O O-O 11. Be3 Nb4 12. Rc1 Bd7 13. d5 N6xd5 14. Nxd5 Nxd5
15. Bxd5 exd5 16. Qxd5 Bc6 17. Qf5 g6 18. Qg4 Bf6 19. b3 Re8 20. Rfd1 Qa5 21.
Nd4 Bd5 22. Ne2 Rad8 23. Nf4 Bc6 24. Qe2 Qf5 25. h3 Qxf4 0-1

[Event "OGD Prinsenstad-toernooi - C groep"]
[Site "Delft"]
[Date "2008.01.04"]
[Round "1.1"]
[White "Tjien A Lien, Ike"]
[Black "Peters, Paul"]
[Result "1/2-1/2"]
[WhiteElo "1677"]
[BlackElo "1540"]
[PlyCount "34"]
[EventDate "2008.01.04"]
[EventType "swiss"]
[EventRounds "6"]
[EventCountry "NED"]
[Source "DSC"]
[SourceDate "2008.04.25"]

1. e4 e5 2. Nf3 Nc6 3. Be2 Nf6 4. d3 Bc5 5. h3 d6 6. Nbd2 Bd7 7. c3 a5 8. Qc2
Qe7 9. Nf1 d5 10. Bg5 d4 11. a3 b5 12. Ng3 h6 13. Bc1 Nh7 14. O-O O-O 15. Bd2
dxc3 16. Bxc3 b4 17. axb4 axb4 1/2-1/2

[Event "OGD Prinsenstad-toernooi - C groep"]
[Site "Delft"]
[Date "2008.01.04"]
[Round "1.2"]
[White "Poots, René"]
[Black "Eykelhoff, Arnout"]
[Result "1-0"]
[WhiteElo "1528"]
[BlackElo "1660"]
[PlyCount "59"]
[EventDate "2008.01.04"]
[EventType "swiss"]
[EventRounds "6"]
[EventCountry "NED"]
[Source "DSC"]
[SourceDate "2008.04.25"]

1. d4 Nf6 2. c4 g6 3. Nf3 Bg7 4. e3 d6 5. Bd3 Bg4 6. Nbd2 O-O 7. Qc2 Nc6 8. a3
Re8 9. O-O e5 10. d5 Ne7 11. e4 Nd7 12. b4 f5 13. Bb2 c6 14. Ng5 fxe4 15. Ndxe4
Nb6 16. f3 Bf5 17. c5 Bxe4 18. Nxe4 dxc5 19. d6 Ned5 20. bxc5 Kh8 21. cxb6 Ne3
22. Qd2 Nxf1 23. Bxf1 Qxb6+ 24. Kh1 Rad8 25. Rd1 Rd7 26. g3 c5 27. Bh3 Rf7 28.
Ng5 Rff8 29. d7 Re7 30. d8=Q 1-0

[Event "OGD Prinsenstad-toernooi - C groep"]
[Site "Delft"]
[Date "2008.01.04"]
[Round "1.3"]
[White "Neuteboom, Martin"]
[Black "Elisen, Peter"]
[Result "1-0"]
[WhiteElo "1654"]
[BlackElo "1525"]
[Annotator "Prinsenstad-toernooi"]
[PlyCount "64"]
[EventDate "2008.01.04"]
[EventType "swiss"]
[EventRounds "6"]
[EventCountry "NED"]
[Source "DSC"]
[SourceDate "2008.04.25"]

1. e4 c5 2. d4 cxd4 3. c3 dxc3 4. Nxc3 e6 5. Bc4 Nc6 6. Nf3 a6 7. O-O Qc7 8.
Qe2 b5 9. Bb3 Bc5 10. Rd1 Nge7 11. e5 O-O 12. Ne4 Nxe5 13. Nxc5 Nxf3+ 14. Qxf3
Qxc5 15. Qxa8 d5 16. Be3 Qc7 17. Rac1 Qd7 18. Qa7 Bb7 19. Bf4 Nc6 20. Qe3 d4
21. Qg3 Kh8 22. Qh3 Qe7 23. Bc2 f5 24. Qg3 Rc8 25. Re1 Qd7 26. a3 b4 27. Bb3
Re8 28. Ba4 a5 29. Rc5 d3 30. Rec1 Qd4 31. Bxc6 Bxc6 32. Be5 d2 (32... d2 33.
Qxg7#) 1-0

[Event "OGD Prinsenstad-toernooi - C groep"]
[Site "Delft"]
[Date "2008.01.04"]
[Round "1.4"]
[White "Lont, Jolle"]
[Black "Kuijper, Hans"]
[Result "0-1"]
[WhiteElo "1500"]
[BlackElo "1634"]
[PlyCount "90"]
[EventDate "2008.01.04"]
[EventType "swiss"]
[EventRounds "6"]
[EventCountry "NED"]
[Source "DSC"]
[SourceDate "2008.04.25"]

1. d4 d5 2. c4 c6 3. Nf3 Nf6 4. Nc3 e6 5. e3 Nbd7 6. cxd5 exd5 7. Bd2 Bd6 8.
Bd3 O-O 9. Rc1 Re8 10. O-O a6 11. Re1 Ne4 12. Qc2 Ndf6 13. Re2 Bg4 14. h3 Bxf3
15. gxf3 Ng5 16. Kg2 g6 17. e4 dxe4 18. fxe4 Nh5 19. e5 Be7 20. Ne4 Ne6 21. Qc3
Nef4+ 22. Kf1 Nxe2 23. Bxe2 Ng7 24. Bc4 Qd7 25. Rd1 Nf5 26. Bf4 b5 27. Bb3 a5
28. d5 cxd5 29. Bxd5 Kf8 30. e6 fxe6 31. Qh8+ Kf7 32. Qxh7+ Ng7 33. Be5 Rg8 34.
Bb3 Qc6 35. Nd6+ Bxd6 36. Bxe6+ Kxe6 37. Rxd6+ Qxd6 38. Bxd6 Kxd6 39. Qxg6+ Ne6
40. Qd3+ Ke7 41. Qh7+ Rg7 42. Qh4+ Kd7 43. Qe4 Rd8 44. Qe5 Ke7 45. Qxb5 Rd1+
0-1